Parasite rearing for diamondback moth control ការចិញ្ចឹមប៉ារ៉ាស៊ីតសំរាប់កំចាត់ដង្កូវយោលទោង (Record no. 442)

000 -LEADER
fixed length control field 00536nam a22001577a 4500
003 - CONTROL NUMBER IDENTIFIER
control field OSt
005 - DATE AND TIME OF LATEST TRANSACTION
control field 20150914151107.0
008 - FIXED-LENGTH DATA ELEMENTS--GENERAL INFORMATION
fixed length control field 150914b xxu||||| |||| 00| 0 eng d
040 ## - CATALOGING SOURCE
Transcribing agency RUA
082 ## - DEWEY DECIMAL CLASSIFICATION NUMBER
Classification number AGR NGU 1999 B024 Or.1
100 ## - MAIN ENTRY--PERSONAL NAME
9 (RLIN) 464
Personal name NGUON, VIRAK.
245 ## - TITLE STATEMENT
Title Parasite rearing for diamondback moth control ការចិញ្ចឹមប៉ារ៉ាស៊ីតសំរាប់កំចាត់ដង្កូវយោលទោង
260 ## - PUBLICATION, DISTRIBUTION, ETC. (IMPRINT)
Place of publication, distribution, etc. Phnom Penh
Name of publisher, distributor, etc. RUA
Date of publication, distribution, etc. 1999
300 ## - PHYSICAL DESCRIPTION
Extent 67p.
Other physical details ill.
Dimensions 29cm.
942 ## - ADDED ENTRY ELEMENTS (KOHA)
Source of classification or shelving scheme
Koha item type AGR
Holdings
Price effective from Date last seen Permanent Location Not for loan Date acquired Source of classification or shelving scheme Koha item type Lost status Withdrawn status Date last checked out Total Checkouts Shelving location Damaged status Barcode Current Location Full call number
2015-09-142016-07-22Library Block B 2015-09-14 AGR  2016-07-061B024 RUA005222Library Block BAGR NGU 1999 B024 Or.1
2015-09-142016-07-18Library Block B 2015-09-14 AGR  2016-07-061B024 RUA005150Library Block BAGR NGU 1999 B024 Or.2
2015-09-142018-07-25Library Block B 2015-09-14 AGR  2018-07-201B024 RUA005296Library Block BAGR NGU 1999 B024 Or.3
2015-09-142015-09-14Library Block B 2015-09-14 AGR    B024 RUA005160Library Block BAGR NGU 1999 B024 Or.4
2015-09-142015-09-14Library Block B 2015-09-14 AGR    B024 RUA005017Library Block BAGR NGU 1999 B024 Or.5
2015-09-142015-09-14Library Block B 2015-09-14 AGR    B024 RUA005232Library Block BAGR NGU 1999 B024 Or.6
2015-09-142019-07-31Library Block B 2015-09-14 AGR  2019-07-012B024 RUA005161Library Block BAGR NGU 1999 B024 Or.7
2015-09-272015-09-27Library Block B 2015-09-27 AGR    B024 RUA018774Library Block BAGR NGU 1999 B024 Or.8
មជ្ឈមណ្ឌលឯការនៃសាកលវិទ្យាល័យភូមិន្ទកសិកម្មចំការដូង

Powered by Koha